La Sélection Néerlandaise - Statistiques

Statistiques générales
  • Ce quiz a été pris 11 fois
  • Le résultat moyen est 13 sur 20
Statistiques - réponses
Question Réponse % Correct
Quelle équipe a éliminé les Pays‑Bas en demi-finale du Mondial 1998 ? Brésil
100%
Quelle est la couleur traditionnelle de l’équipe néerlandaise ? Orange
91%
Qui a marqué une tête plongeante contre l’Espagne en 2014 ? Robin van Persie
91%
Quel stade n’est PAS utilisé par les Pays-Bas à domicile ? Wembley
91%
Quel adversaire a été battu 5‑1 au Mondial 2014 par les Pays-Bas ? Espagne
82%
Quel joueur portait le numéro 14 emblématique ? Johan Cruyff
82%
Quel joueur a marqué un triplé contre l’Angleterre à l’Euro 1988 ? Marco van Basten
82%
Lors de quel Mondial s’est joué le "Battle of Nuremberg" ? 2006
73%
Combien de finales de Coupe du monde les Pays‑Bas ont-ils disputées sans jamais remporter le titre ? 3
73%
Contre qui les Pays‑Bas ont-ils atteint les demi-finales de l’Euro 2024 ? Angleterre
73%
Quel style de jeu a rendu la sélection néerlandaise célèbre dans les années 1970 ? Football total
64%
Quel footballeur néerlandais a remporté le Ballon d’Or en 1971 ? Johan Cruyff
64%
Quels adversaires les Pays‑Bas ont-ils éliminés en 2010 des huitièmes jusqu'à la finale ? Slovaquie, Brésil, Uruguay
64%
Contre qui les Pays‑Bas ont-ils gagné 11‑0 en 2011 ? Saint-Marin
55%
Quel gardien a été lancé en 2014 pour les tirs au but ? Tim Krul
45%
Quel gardien a disputé les finales de la Coupe du Monde de 1974 et 1978 ? Jan Jongbloed
36%
En quelle année l'équipe nationale des Pays‑Bas a‑t‑elle joué son premier match international ? 1905
27%
Combien de buts Johan Cruyff a‑t‑il inscrits en sélection ? 33
27%
Quel entraîneur a mené la sélection au titre de l’Euro 1988 ? Rinus Michels
27%
Qui était le sélectionneur de la finale de Coupe du monde 2010 ? Bert van Marwijk
18%
Aucun quiz correspondant
Distribution des résultats
% des personnes avec chaque résultat
Percentile par nombre de réponses
Votre historique - résultats
Vous n’avez pas pris ce quiz